[Event "St Petersburg Korchnoi Memorial op"]
[Site "St Petersburg"]
[Date "2019.08.22"]
[Round "9"]
[White "Naryshkina, Irina"]
[Black "Garmash, Elizaveta"]
[Result "0-1"]
[WhiteElo "1417"]
[BlackElo "1137"]
[PlyCount "106"]
[EventDate "2019.08.14"]
[EventType "swiss"]
[EventRounds "9"]
[EventCountry "RUS"]
[SourceTitle "CBM 192"]
[Source "ChessBase"]
[SourceDate "2019.10.31"]
[SourceVersion "1"]
[SourceVersionDate "2019.10.31"]
[SourceQuality "1"]

1. d4 d5 2. c4 c6 3. Nc3 dxc4 4. e4 Nf6 5. Bxc4 e6 6. Bg5 Be7 7. Nf3 Nbd7 8. a4 0-0 9. 0-0 h6 10. Bf4 Nb6 11. Bd3 Bb4 12. Qc2 Re8 13. h3 Nbd7 14. g4 Nh7 15. e5 Nhf8 16. g5 hxg5 17. Nxg5 g6 18. Ne2 Be7 19. h4 Nb6 20. Ng3 Qxd4 21. N3e4 Nd5 22. Nf3 Qb6 23. Bg5 Bxg5 24. Nfxg5 Nd7 25. Nxf7 Kxf7 26. Nd6+ Ke7 27. Nxe8 Nb4 28. Qd2 Kxe8 29. Bxg6+ Kd8 30. Qg5+ Kc7 31. Qe7 Nd5 32. Qxe6 Qxb2 33. Qd6+ Kd8 34. e6 Qf6 35. h5 Qg5+ 36. Qg3 Qxg3+ 37. fxg3 Ne5 38. Rf8+ Ke7 39. Re8+ Kd6 40. Bf5 Nf3+ 41. Kf2 Nd4 42. g4 Nxf5 43. gxf5 Nf6 44. Rh8 Ng4+ 45. Kf3 Nf6 46. Re1 Nd5 47. Kg4 Ke7 48. Rh7+ Ke8 49. f6 Nxf6+ 50. Kf5 Nxh7 51. h6 Nf8 52. Kf6 Bxe6 53. Rg1 Rd8 0-1

[Event "St Petersburg Korchnoi Memorial op"]
[Site "St Petersburg"]
[Date "2019.08.19"]
[Round "6"]
[White "Naryshkina, Irina"]
[Black "Kobak, Polina"]
[Result "0-1"]
[WhiteElo "1417"]
[BlackElo "1560"]
[PlyCount "110"]
[EventDate "2019.08.14"]
[EventType "swiss"]
[EventRounds "9"]
[EventCountry "RUS"]
[SourceTitle "CBM 192"]
[Source "ChessBase"]
[SourceDate "2019.10.31"]
[SourceVersion "1"]
[SourceVersionDate "2019.10.31"]
[SourceQuality "1"]

1. d4 d5 2. c4 c6 3. Nf3 Nf6 4. Nc3 e6 5. e3 Nbd7 6. Bd2 Bd6 7. c5 Bc7 8. b4 0-0 9. Rc1 e5 10. dxe5 Nxe5 11. Nxe5 Bxe5 12. Be2 Bf5 13. 0-0 Qd7 14. h3 d4 15. exd4 Bxd4 16. Bf4 Bxc3 17. Qxd7 Bxd7 18. Rxc3 Nd5 19. Rf3 Rfe8 20. Bc4 Be6 21. Bd2 Rad8 22. Bc3 Nxc3 23. Rxc3 Bxc4 24. Rxc4 Re2 25. a4 Kf8 26. Rcc1 Ke7 27. Rfe1 Rdd2 28. Rxe2+ Rxe2 29. Rb1 Ke6 30. a5 a6 31. Kf1 Re4 32. f3 Rd4 33. Ke2 Kd5 34. Ke3 f5 35. g3 g5 36. f4 gxf4+ 37. gxf4 Re4+ 38. Kf3 Kc4 39. Rc1+ Kb5 40. Rd1 Re7 41. Rd4 Ka4 42. h4 Kb3 43. h5 Kc3 44. Rd6 Rf7 45. b5 axb5 46. a6 bxa6 47. Rxc6 b4 48. Rxa6 b3 49. c6 b2 50. Rb6 Kc2 51. Rb7 Rxb7 52. cxb7 b1Q 53. Kg3 Qxb7 54. Kh4 Qg2 55. h6 Qg4# 0-1

[Event "Chigorin Memorial 25th"]
[Site "St Petersburg"]
[Date "2017.10.27"]
[Round "7"]
[White "Naryshkina, Irina"]
[Black "Efimenko, Aleksandr"]
[Result "0-1"]
[WhiteElo "1382"]
[BlackElo "1865"]
[PlyCount "84"]
[EventDate "2017.10.21"]
[EventType "swiss"]
[EventRounds "9"]
[EventCountry "RUS"]
[SourceTitle "CBM 181 Extra"]
[Source "ChessBase"]
[SourceDate "2017.12.12"]
[SourceVersion "1"]
[SourceVersionDate "2017.12.12"]
[SourceQuality "1"]

1. d4 d5 2. c4 e6 3. Nc3 c6 4. c5 Nf6 5. Nf3 Nbd7 6. Bf4 Be7 7. g3 Nf8 8. Bg2 Ng6 9. Bd2 0-0 10. 0-0 Qc7 11. b4 b6 12. Rc1 bxc5 13. bxc5 e5 14. Nxe5 Nxe5 15. dxe5 Qxe5 16. e4 Nxe4 17. Nxe4 dxe4 18. Bf4 Qd5 19. Bxe4 Qxe4 20. Re1 Qf5 21. Rxe7 Be6 22. Qc2 Qg4 23. Qd1 Qf5 24. Qc2 Qf6 25. Bd6 Bd5 26. f4 Rfe8 27. Rxe8+ Rxe8 28. Be5 Qh6 29. Qf2 Rxe5 30. Rb1 Re8 31. g4 Qg6 32. Rf1 Qxg4+ 33. Qg3 Qxg3+ 34. hxg3 Re2 35. Rb1 h5 36. Rb8+ Kh7 37. a4 Rg2+ 38. Kf1 Rxg3 39. Rb7 h4 40. Rb2 h3 41. Rh2 Bg2+ 42. Kf2 Ra3 0-1